Movies Quiz

Random Movies or Clickable Quiz

Quick Pick: Kirk Douglas Movies Quiz Stats

Quiz not verified by Sporcle

Challenge
Share
Tweet
Embed
Score 0/10 Timer 01:00
0 Plays Today
% Correct
Final
98.7%
Gunfight
98%
Seven
96.7%
Glass
96%
Crooked
95.4%
Lust
94.7%
Snowy
92.1%
Victory
85.4%
War
72.8%
Town
61.6%

You're not logged in!

Compare scores with friends on all Sporcle quizzes.
Sign Up with Email
OR
Log In

You Might Also Like...

Show Comments

Extras

Top Quizzes Today


Score Distribution

Your Account Isn't Verified!

In order to create a playlist on Sporcle, you need to verify the email address you used during registration. Go to your Sporcle Settings to finish the process.